|
|
|
|
| LEADER |
00000cas a2200000 a 4500 |
| 001 |
75199 |
| 003 |
Ucuenca |
| 005 |
20230308222310.0 |
| 008 |
995111|1995 ec |||||r|||||||||||spa|| |
| 040 |
|
|
|b spa
|
| 041 |
0 |
|
|a spa
|
| 082 |
0 |
|
|a 720.5
|b U48a
|
| 110 |
2 |
|
|a Universidad Católica de Santiago de Guayaquil.
|e Facultad de Arquitectura
|9 33174
|
| 245 |
|
|
|a AUC. Revista de Arquitectura
|c Universidad Católica de Santiago de Guayaquil. Facultad de Arquitectura
|h imp
|
| 264 |
|
|
|a Guayaquil
|b Universidad Católica de Santiago de Guayaquil
|c Abril 1995
|
| 300 |
|
|
|a 30 páginas:
|b ilu
|c 27.5 cm
|
| 362 |
|
|
|a no. 9 (abril 1995)
|
| 650 |
1 |
|
|a Diseño
|9 218
|
| 650 |
1 |
|
|a Emsambles
|9 201991
|
| 650 |
1 |
|
|a Empalmes o calzaduras
|9 201992
|
| 650 |
|
0 |
|a Revista auc
|9 201993
|
| 852 |
|
|
|a UC-CDJBV
|f Donación
|l 1
|m General
|p 19951117
|r 2
|t 75199
|b 0
|d CDRC
|e CDRC
|g 720.5 U48a TERCER PISO (SECCION REVISTAS)
|z 1995-51-11
|
| 942 |
|
|
|c SER
|
| 999 |
|
|
|c 140353
|d 140353
|